Normal view MARC view

Entry Personal Name

Number of records used in: 1

001 - CONTROL NUMBER

  • control field: 1459

003 - CONTROL NUMBER IDENTIFIER

  • control field: DLC

005 - DATE AND TIME OF LATEST TRANSACTION

  • control field: 20200123100732.0

008 - FIXED-LENGTH DATA ELEMENTS

  • fixed length control field: 820715n| azannaab |n aaa

010 ## - LIBRARY OF CONGRESS CONTROL NUMBER

  • LC control number: n 82082637

040 ## - CATALOGING SOURCE

  • Original cataloging agency: DLC
  • Language of cataloging: eng
  • Description conventions: rda
  • Transcribing agency: DLC
  • Modifying agency: DLC

100 10 - HEADING--PERSONAL NAME

  • Personal name: Jordan, Ronald J.

670 ## - SOURCE DATA FOUND

  • Source citation: Fischer, D. E. Security analysis and portfolio ... 1975.

670 ## - SOURCE DATA FOUND

  • Source citation: Information from 678 converted Dec. 19, 2014
  • Information found: (Ph. D.,; b. 10/19/44)

Powered by Koha